|
|
|
|
| LEADER |
00000nam2a2200000 4500 |
| 001 |
312120 |
| 005 |
20231102002444.0 |
| 035 |
|
|
|a (RuTPU)RU\TPU\book\337487
|
| 090 |
|
|
|a 312120
|
| 100 |
|
|
|a 20151217d1981 km y0rusy50 ca
|
| 101 |
0 |
|
|a rus
|
| 102 |
|
|
|a RU
|
| 105 |
|
|
|a a z 001zy
|
| 200 |
0 |
|
|a Вып. 11
|f под ред. В. М. Родионова
|
| 210 |
|
|
|d 1981
|
| 215 |
|
|
|a 194 с.
|c ил.
|
| 320 |
|
|
|a Библиография в конце разделов.
|
| 320 |
|
|
|a Библиографический указатель статей: с. 194.
|
| 461 |
|
1 |
|0 (RuTPU)RU\TPU\book\274133
|t Из истории энергетики, электроники и связи
|o [сборник]
|f Академия наук СССР (АН СССР), Советское национальное объединение истории и философии естествознания и техники
|v Вып. 11
|d 1969-1984
|
| 606 |
1 |
|
|a Энергетика
|2 stltpush
|3 (RuTPU)RU\TPU\subj\21200
|9 46224
|
| 606 |
1 |
|
|a Электроника
|2 stltpush
|3 (RuTPU)RU\TPU\subj\20310
|9 45419
|
| 606 |
1 |
|
|a Связь
|2 stltpush
|3 (RuTPU)RU\TPU\subj\54267
|9 72424
|
| 610 |
1 |
|
|a исторический анализ
|
| 610 |
1 |
|
|a методологический анализ
|
| 610 |
1 |
|
|a естествознание
|
| 610 |
1 |
|
|a техника
|
| 610 |
1 |
|
|a радиоэлектроника
|
| 610 |
1 |
|
|a периодизация
|
| 610 |
1 |
|
|a прикладная математика
|
| 675 |
|
|
|a 620.9
|v 4
|
| 675 |
|
|
|a 621.38
|v 4
|
| 675 |
|
|
|a 621.39
|v 4
|
| 702 |
|
1 |
|a Родионов
|b В. М.
|4 340
|
| 801 |
|
1 |
|a RU
|b 63413507
|c 20151217
|
| 801 |
|
2 |
|a RU
|b 63413507
|c 20181004
|g RCR
|
| 942 |
|
|
|c BK
|